| 000 | 00387nam a22001457a 4500 | ||
|---|---|---|---|
| 005 | 20200710130805.0 | ||
| 008 | 200710b xxu||||| |||| 00| 0 eng d | ||
| 082 | _a345.4005 BHA-I | ||
| 100 |
_aBHATT,VIJAY _96285 |
||
| 245 | _aINDIAN BAR REVIEW Vol. XLII(4) 2015 (OCT TO DEC) | ||
| 260 |
_aNEW DELHI _bBAR COUNCIL OF INDIA _c2015 |
||
| 300 | _a178p. | ||
| 650 |
_aLAW _95701 |
||
| 942 | _cJRL | ||
| 999 |
_c7415 _d7413 |
||